Hukum perkahwinan Islam : (Record no. 986)

000 -LEADER
fixed length control field nam a22 a 4500
003 - CONTROL NUMBER IDENTIFIER
control field AKMAL
005 - DATE AND TIME OF LATEST TRANSACTION
control field 20170508102502.0
008 - FIXED-LENGTH DATA ELEMENTS--GENERAL INFORMATION
fixed length control field 170508s2003 my e 001 0 may d
020 ## - INTERNATIONAL STANDARD BOOK NUMBER
International Standard Book Number 9676902713 (kkt.) :
Terms of availability RM20.00
040 ## - CATALOGING SOURCE
Original cataloging agency AKMAL
Transcribing agency AKMAL
082 04 - DEWEY DECIMAL CLASSIFICATION NUMBER
Classification number 297.22 DAL
Edition number 22
090 00 - LOCALLY ASSIGNED LC-TYPE CALL NUMBER (OCLC); LOCAL CALL NUMBER (RLIN)
Classification number (OCLC) (R) ; Classification number, CALL (RLIN) (NR) 297.22
Local cutter number (OCLC) ; Book number/undivided call number, CALL (RLIN) DAL
100 1# - MAIN ENTRY--PERSONAL NAME
Personal name Daly, Peunoh
9 (RLIN) 2081
245 10 - TITLE STATEMENT
Title Hukum perkahwinan Islam :
Remainder of title suatu kajian perbandingan dalam kalangan ahlus-sunnah dan negara-negara Islam /
Statement of responsibility, etc. Peunoh Daly
250 ## - EDITION STATEMENT
Edition statement Ed. ke-5
260 ## - PUBLICATION, DISTRIBUTION, ETC.
Place of publication, distribution, etc. Batu Caves, Selangor :
Name of publisher, distributor, etc. Thinker's Library,
Date of publication, distribution, etc. 2003
300 ## - PHYSICAL DESCRIPTION
Extent x, 458ms. ;
Dimensions 21cm.
500 ## - GENERAL NOTE
General note Mula diterbitkan: Jakarta: PT Bulan Bintang, 1988
500 ## - GENERAL NOTE
General note Mengandungi rujukan bibliografi dan indeks
650 10 - SUBJECT ADDED ENTRY--TOPICAL TERM
Topical term or geographic name entry element Marriage (Islamic law)
9 (RLIN) 1898
650 20 - SUBJECT ADDED ENTRY--TOPICAL TERM
Topical term or geographic name entry element Marriage
General subdivision Islam
9 (RLIN) 1547
942 ## - ADDED ENTRY ELEMENTS (KOHA)
Source of classification or shelving scheme
Koha item type Book
Holdings
Withdrawn status Lost status Source of classification or shelving scheme Damaged status Not for loan Collection code Home library Current library Shelving location Date acquired Inventory number Total Checkouts Full call number Barcode Date last seen Price effective from Koha item type
          NON-FICTION AKMAL Melaka AKMAL Melaka PINJAMAN 08.05.2017 000344   297.22 DAL 201702026 08.05.2017 08.05.2017 Book
Pusat Sumber Maklumat Dato' Haji Sarmin Md Hussin, Akademi Kastam Diraja Malaysia, Melaka
Tel: 06-2331106 | Faks: 06-2313787